| 000 | 00632nam a22001937a 4500 | ||
|---|---|---|---|
| 005 | 20251108172927.0 | ||
| 008 | 250721s9999 xx 000 0 ara d | ||
| 082 | 1 | 4 | _aط/922.1/حاض |
| 100 | 1 |
_aحاضري، بدر الدين _ecomp. |
|
| 245 | 1 | 0 | _aأبو سفيان بن الحارث / |
| 264 | 1 |
_aحلب : _bدار ربيع للنشر، |
|
| 300 | _a16ص. | ||
| 490 | 0 |
_aشمس الهدى والإيمان - المبشرون بالجنة _v10 |
|
| 650 | 1 | 7 | _aالسيرة النبوية |
| 650 | 1 | 7 | _aالصحابة |
| 653 | _aاطفال مرحلة متوسطة (6-9) سنوات | ||
| 942 |
_2ddc _cBK |
||
| 999 |
_c92019 _d92019 |
||